000 00896nam a2200253 i 4500
001 000006070
003 DO-SdBNP
005 20240118075726.0
007 ta
008 090826s1957 dr 000 0 spa d
040 _aDO-SdBNP
_bspa
_cBNPHU
_erda
082 4 _222
100 1 _aFont Bernard, R. A.
_917078
_eautor
245 1 3 _aLa República Dominicana en la Organización Internacional del Trabajo :
_buna ejemplar cooperación al servicio de la paz /
_cR. A. Font Bernard.
264 _aCiudad Trujillo, República Dominicana :
_bArte y Cine,
_c1957.
300 _a264 páginas ;
_c23 cm.
336 _2rdacontent
_atexto
_btxt
337 _2rdamedia
_asin mediación
_bn
338 _2rdacarrier
_avolumen
_bnc
500 _aIncluye referencias bibliográficas y notas al pie de las páginas.
505 2 _aIncluye nota de contenido.
590 _aInventariado. 2024/BT
942 _2ddc
_cLBS1
999 _c5866
_d5866